| 000 | 01575cam a22004694i 4500 | ||
|---|---|---|---|
| 003 | PE-LiUPU | ||
| 005 | 20250731172743.0 | ||
| 008 | 150625s1979 sp r 000 0 spa d | ||
| 020 | _a8430107762 | ||
| 020 | _a9788430107766 | ||
| 040 |
_aPE-LiUPU _bspa _cPE-LiUPU _erda |
||
| 049 | _aPRUA | ||
| 082 | 0 | 4 |
_a236 _bM729f _223 |
| 100 | 1 |
_aMoltmann, Jurgen, _eautor. |
|
| 245 | 1 | 3 |
_aEl Futuro de la Creación / _cJurgen Moltmann. |
| 264 | 1 |
_aSalamanca : _bEdiciones Sígueme, _c1979. |
|
| 300 |
_a211 páginas ; _c21 centímetros. |
||
| 336 |
_atext _2rdacontent |
||
| 337 |
_aunmediated _2rdamedia |
||
| 338 |
_avolume _2rdacarrier |
||
| 490 | 0 |
_a(Verdad e imagen ; _v58) |
|
| 505 | 0 | _aEl futuro, nuevo paradigma de la transcendencia -- Orientaciones de la escatología -- Métodos de la escatalogía -- Esperanza y desarrollo -- La teología de la cruz de hoy -- La historia trinitaria de Dios -- Esperanza en la resurección y praxis liberadora -- La creación, sistema abierto -- La ética y el progreso de la biomedicina -- Justificación y nueva creación. | |
| 526 | _aSEG42 | ||
| 526 | _aSEG41 | ||
| 526 | _aSEG40 | ||
| 526 | _aSEG39 | ||
| 526 | _aP94 | ||
| 526 | _aP87 | ||
| 526 | _aP86 | ||
| 526 | _aP85 | ||
| 526 | _aP77 | ||
| 526 | _aP76 | ||
| 526 | _aP35 | ||
| 650 | 1 | 4 |
_aEscatología. _95923 |
| 650 | 2 | 4 |
_aJustificación. _91184 |
| 650 | 2 | 4 |
_aTrinidad. _93711 |
| 910 | _adbm | ||
| 942 |
_2ddc _cBK |
||
| 999 |
_c2352 _d2352 |
||
| 980 |
_81 _gALBERTO SANCHEZ Responsable de Automatización |
||